| 000 | 00477nam a2200193Ia 4500 | ||
|---|---|---|---|
| 008 | 210210b2016 xxu||||| |||| 00| 0 eng d | ||
| 020 | _a9789331328434 | ||
| 041 | _aeng | ||
| 082 | _a659.1 TAIA | ||
| 100 | _aTAING (Vineet) | ||
| 245 | _aAdvertising and sales promotion | ||
| 260 |
_aNew Delhi _bA P H Publishing Corporation _c2016 |
||
| 300 | _aix,216 | ||
| 650 | _asales | ||
| 650 | _apromotion | ||
| 650 | _aAdvertising | ||
| 690 | _aAdvertising | ||
| 906 | _a074225 | ||
| 999 |
_c124055 _d124055 |
||